000 00274pam a2200121 a 4500
020 _c
041 _h
100 _aFrancis, Sched .
245 _aNumerical Analysis
_hTextual Documents
260 _aNew Delhi
_bTata McGraw Hill
_c2011
300 _a1.1 to 30.
930 _a8898
999 _c85804
_d85804